Pays du monde - Statistiques

Statistiques générales
  • Ce quiz a été pris 48 fois
    8 depuis la dernière actualisation
  • Le résultat moyen est 108 sur 208
Statistiques - réponses
Continent Réponse % Correct
Europe France
100%
Afrique Afrique du sud
83%
Afrique Algérie
83%
Europe Allemagne
83%
Amérique Antigua-et-Barbuda
83%
Amérique Argentine
83%
Amérique Barbade
83%
Asie Chine
83%
Asie Chypre
83%
Europe Espagne
83%
Amérique États-Unis
83%
Europe Finlande
83%
Europe Irlande
83%
Europe Islande
83%
Europe Italie
83%
Afrique Maroc
83%
Europe Monaco
83%
Europe Royaume-Uni
83%
Amérique Saint-Christophe-et-Niévès
83%
Amérique Sainte-Lucie
83%
Europe Saint-Marin
83%
Amérique Trinité-et-Tobago
83%
Afrique Tunisie
83%
Europe Albanie
67%
Europe Andorre
67%
Afrique Angola
67%
Asie Arabie saoudite
67%
Océanie Australie
67%
Amérique Bahamas
67%
Europe Belgique
67%
Amérique Belize
67%
Asie Bhoutan
67%
Europe Biélorussie
67%
Europe Bosnie-Herzégovine
67%
Amérique Brésil
67%
Amérique Canada
67%
Afrique Cap-Vert
67%
Amérique Chili
67%
Asie Corée du Nord
67%
Asie Corée du Sud
67%
Europe Danemark
67%
Amérique Dominique
67%
Afrique Égypte
67%
Afrique Érythrée
67%
Europe Estonie
67%
Afrique Éthiopie
67%
Afrique Gabon
67%
Amérique Guatemala
67%
Afrique Guinée
67%
Afrique Guinée-Bissau
67%
Afrique Guinée équatoriale
67%
Amérique Guyana
67%
Amérique Haïti
67%
Europe Hongrie
67%
Asie Inde
67%
Asie Indonésie
67%
Asie Irak
67%
Asie Iran
67%
Asie Israël
67%
Afrique Lesotho
67%
Europe Lettonie
67%
Europe Liechtenstein
67%
Europe Lituanie
67%
Europe Luxembourg
67%
Europe Macédoine du Nord
67%
Afrique Madagascar
67%
Europe Malte
67%
Amérique Mexique
67%
Europe Moldavie
67%
Amérique Nicaragua
67%
Europe Norvège
67%
Amérique Paraguay
67%
Europe Pays-Bas
67%
Amérique Pérou
67%
Europe Pologne
67%
Europe Portugal
67%
Afrique République démocratique du Congo
67%
Amérique République dominicaine
67%
Afrique République du Congo
67%
Europe/Asie Russie
67%
Amérique Saint-Vincent-et-les-Grenadines
67%
Amérique Salvador
67%
Afrique Seychelles
67%
Europe Slovaquie
67%
Europe Slovénie
67%
Afrique Somalie
67%
Afrique Soudan
67%
Afrique Soudan du Sud
67%
Europe Suède
67%
Europe Suisse
67%
Europe Ukraine
67%
Amérique Uruguay
67%
Amérique Venezuela
67%
Asie Arménie
50%
Europe Autriche
50%
Asie Bahreïn
50%
Amérique Bolivie
50%
Europe Bulgarie
50%
Asie Cambodge
50%
Afrique Cameroun
50%
Amérique Colombie
50%
Afrique Comores
50%
Amérique Équateur
50%
Afrique Eswatini
50%
Océanie États fédérés de Micronésie
50%
Océanie Fidji
50%
Afrique Ghana
50%
Europe Grèce
50%
Amérique Grenade
50%
Amérique Honduras
50%
Océanie Îles Salomon
50%
Amérique Jamaïque
50%
Afrique Kenya
50%
Asie Kirghizistan
50%
Europe (Etat reconnu par certains États) Kosovo
50%
Asie Laos
50%
Afrique Libye
50%
Afrique Malawi
50%
Afrique Mali
50%
Afrique Maurice
50%
Asie Mongolie
50%
Europe Monténégro
50%
Afrique Mozambique
50%
Océanie Nauru
50%
Afrique Niger
50%
Afrique Nigeria
50%
Océanie Nouvelle-Zélande
50%
Asie Ouzbékistan
50%
Asie Pakistan
50%
Asie Philippines
50%
Afrique République centrafricaine
50%
Europe Roumanie
50%
Océanie Samoa
50%
Europe Serbie
50%
Amérique Suriname
50%
Asie Syrie
50%
Afrique Tanzanie
50%
Afrique Tchad
50%
Europe Tchéquie
50%
Afrique Togo
50%
Asie Turkménistan
50%
Asie Turquie
50%
Océanie Vanuatu
50%
Europe Vatican
50%
Afrique Zambie
50%
Afrique Zimbabwe
50%
Asie Afghanistan
33%
Asie Azerbaïdjan
33%
Asie Bangladesh
33%
Afrique Bénin
33%
Asie Birmanie
33%
Afrique Burkina Faso
33%
Amérique Costa Rica
33%
Afrique Côte d’Ivoire
33%
Amérique Cuba
33%
Afrique Djibouti
33%
Asie Émirats arabes unis
33%
Afrique Gambie
33%
Asie Géorgie
33%
Océanie Îles Marshall
33%
Asie Japon
33%
Asie Jordanie
33%
Asie Kazakhstan
33%
Asie Koweït
33%
Asie Liban
33%
Afrique Liberia
33%
Asie Malaisie
33%
Aise Maldives
33%
Afrique Mauritanie
33%
Asie Népal
33%
Océanie Palaos
33%
Amérique Panama
33%
Océanie Papouasie-Nouvelle-Guinée
33%
Afrique Sao Tomé-et-Principe
33%
Afrique Sénégal
33%
Afrique Sierra Leone
33%
Asie Singapour
33%
Asie Sri Lanka
33%
Asie Tadjikistan
33%
Asie Taïwan
33%
Asie Thaïlande
33%
Asie Timor oriental
33%
Océanie Tonga
33%
Océanie Tuvalu
33%
Asie Viêt Nam
33%
Afrique Botswana
17%
Asie Brunei
17%
Afrique Burundi
17%
Europe Croatie
17%
Océanie Kiribati
17%
Afrique Namibie
17%
Asie Oman
17%
Afrique Ouganda
17%
Asie Palestine
17%
Asie Qatar
17%
Afrique Rwanda
17%
Asie (non reconnu) Tibet
17%
Asie Yémen
17%
Asie (non reconnu) Abkhazie
0%
Afrique (non reconnu) Azawad
0%
Asie (non reconnu) Chypre du Nord
0%
Asie (non indépendant mais reconnu) Kurdistan
0%
Asie (non reconnu) Ossétie du Sud-Alanie
0%
Afrique (non reconnu) Pount
0%
Afrique (non reconnu) République arabe sahraouie démocratique
0%
Asie (non reconnu) Ryūkyū
0%
Afrique (non reconnu) Somaliland
0%
Europe (non reconnu) Transnitrie
0%
Aucun quiz correspondant
Distribution des résultats
% des personnes avec chaque résultat
Percentile par nombre de réponses
Votre historique - résultats
Vous n’avez pas pris ce quiz depuis la dernière actualisation